[Event "Sharjah Masters-B 8th"]
[Site "Sharjah"]
[Date "2025.05.24"]
[Round "8"]
[White "Poormosavi, Seyed Kian"]
[Black "Mahdavi, Reza"]
[Result "0-1"]
[WhiteElo "2379"]
[BlackElo "2445"]
[PlyCount "130"]
[EventDate "2025.05.17"]
[EventType "swiss"]
[EventRounds "9"]
[EventCountry "UAE"]
[SourceTitle "CB22_2025"]
[SourceDate "2025.05.28"]
[SourceVersion "1"]
[SourceVersionDate "2025.05.28"]
[SourceQuality "1"]

1. Nf3 Nf6 2. g3 c5 3. Bg2 Nc6 4. c4 d6 5. b3 g6 6. Bb2 Bg7 7. d4 cxd4 8. Nxd4 Bd7 9. 0-0 h5 10. h4 Qb6 11. Nf3 0-0 12. Nc3 Rfc8 13. Qd2 Qa5 14. Rac1 Ne4 15. Qe3 Bf5 16. Rfd1 Qb6 17. Qxb6 axb6 18. a4 Nc5 19. Nd2 Nd4 20. e4 Bg4 21. f3 Be6 22. Rb1 Ndxb3 23. Nxb3 Nxb3 24. Nd5 Bxd5 25. cxd5 Bxb2 26. Rxb2 Rc3 27. Rdb1 Nc5 28. Rb4 Rxa4 29. Rxa4 Nxa4 30. Rb4 Ra3 31. Kf2 Ra2+ 32. Kg1 Kg7 33. Bh3 Ra3 34. Kg2 Kf6 35. f4 Nc5 36. e5+ dxe5 37. Rxb6+ e6 38. dxe6 fxe6 39. Rb5 Rc3 40. fxe5+ Kxe5 41. Kh2 Kd4 42. Bg2 Rc2 43. Rb6 Ra2 44. Kh3 Ra7 45. Rb4+ Ke5 46. Rb6 Kd4 47. Rb4+ Kc3 48. Rb1 e5 49. Rb5 Kd4 50. Rb4+ Kc3 51. Rb5 Kc4 52. Bf1+ Kd4 53. Rb4+ Ke3 54. Rb5 Kd4 55. Rb4+ Ke3 56. Rb5 Nd7 57. Rd5 b6 58. Rd6 Ra1 59. Bg2 Nc5 60. Rxb6 Nd3 61. Rxg6 Nf2+ 62. Kh2 Ng4+ 63. Kh3 Kf2 64. Be4 Kg1 65. Bd5 Rd1 0-1

[Event "Sharjah Masters-B 8th"]
[Site "Sharjah"]
[Date "2025.05.23"]
[Round "7"]
[White "Mahdavi, Reza"]
[Black "Schekachikhin, Maksim"]
[Result "1-0"]
[WhiteElo "2445"]
[BlackElo "2364"]
[PlyCount "75"]
[EventDate "2025.05.17"]
[EventType "swiss"]
[EventRounds "9"]
[EventCountry "UAE"]
[SourceTitle "CB22_2025"]
[SourceDate "2025.05.28"]
[SourceVersion "1"]
[SourceVersionDate "2025.05.28"]
[SourceQuality "1"]

1. e4 c5 2. Nf3 Nc6 3. d4 cxd4 4. Nxd4 Nf6 5. Nc3 e6 6. Be2 Bb4 7. 0-0 Bxc3 8. bxc3 Nxe4 9. Nxc6 dxc6 10. Bd3 Nc5 11. Ba3 Nxd3 12. cxd3 b6 13. Qg4 Qf6 14. Rfe1 Bb7 15. Bd6 Rd8 16. Qb4 Qg5 17. f3 Qd5 18. Be5 f6 19. Bc7 Rc8 20. Bg3 Kf7 21. c4 Qd7 22. c5 Rhd8 23. Qa3 Ra8 24. Rad1 Qd5 25. Bf2 b5 26. Qa5 Rdc8 27. Re4 Qd8 28. Qc3 Rc7 29. Rde1 Bc8 30. Bg3 Re7 31. Bd6 Re8 32. f4 Bd7 33. f5 Qc8 34. d4 a5 35. Qh3 h6 36. Qg4 e5 37. Qg6+ Kg8 38. Rg4 1-0

[Event "Sharjah Masters-B 8th"]
[Site "Sharjah"]
[Date "2025.05.20"]
[Round "4"]
[White "Setyaki, Azarya Jodi"]
[Black "Mahdavi, Reza"]
[Result "0-1"]
[WhiteElo "2364"]
[BlackElo "2445"]
[PlyCount "60"]
[EventDate "2025.05.17"]
[EventType "swiss"]
[EventRounds "9"]
[EventCountry "UAE"]
[SourceTitle "CB22_2025"]
[SourceDate "2025.05.28"]
[SourceVersion "1"]
[SourceVersionDate "2025.05.28"]
[SourceQuality "1"]

1. e4 c6 2. d4 d5 3. e5 Bf5 4. Nf3 e6 5. Be2 Nd7 6. 0-0 Ne7 7. c3 h6 8. Na3 g5 9. Nc2 c5 10. dxc5 Bg7 11. Ne3 Nxc5 12. Bb5+ Kf8 13. Nxf5 Nxf5 14. Nd4 Bxe5 15. Nxf5 exf5 16. f4 Bc7 17. Bd3 Ne4 18. g3 Bb6+ 19. Kg2 g4 20. Bxe4 dxe4 21. Qe2 e3 22. Bxe3 Qd5+ 23. Kf2 Re8 24. Rad1 Qc6 25. Rd3 Kg7 26. Re1 Rxe3 27. Rxe3 Re8 28. Qd1 Rxe3 29. Rxe3 Qe4 30. Qe2 h5 0-1

[Event "Asia-ch"]
[Site "Al Ain"]
[Date "2025.05.11"]
[Round "5"]
[White "Mahdavi, Reza"]
[Black "Jumabayev, Rinat"]
[Result "0-1"]
[WhiteElo "2445"]
[BlackElo "2551"]
[PlyCount "66"]
[EventDate "2025.05.07"]
[EventType "swiss"]
[EventRounds "9"]
[EventCountry "UAE"]
[SourceTitle "CB21_2025"]
[SourceDate "2025.05.21"]
[SourceVersion "1"]
[SourceVersionDate "2025.05.21"]
[SourceQuality "1"]

1. e4 e6 2. d4 d5 3. e5 c5 4. c3 Nc6 5. Nf3 Bd7 6. Be2 Nge7 7. 0-0 Ng6 8. Na3 Be7 9. Nc2 0-0 10. Bd3 Rc8 11. g3 cxd4 12. cxd4 f6 13. exf6 Bxf6 14. h4 Nge7 15. Re1 Nf5 16. Bxf5 exf5 17. Bf4 Qb6 18. Rb1 Rfe8 19. Be5 f4 20. Bxf6 gxf6 21. Qd2 Ne7 22. Na1 fxg3 23. fxg3 Qd6 24. Qf2 Nf5 25. g4 Ng3 26. g5 Ne4 27. Qg2 fxg5 28. Nb3 g4 29. Nfd2 Bf5 30. Rf1 Rf8 31. Rbe1 Rc2 32. Re2 Nxd2 33. Rxd2 Be4 0-1

[Event "Asia-ch"]
[Site "Al Ain"]
[Date "2025.05.10"]
[Round "4"]
[White "Mahdavi, Reza"]
[Black "Sethuraman, SP."]
[Result "1/2-1/2"]
[WhiteElo "2445"]
[BlackElo "2552"]
[PlyCount "41"]
[EventDate "2025.05.07"]
[EventType "swiss"]
[EventRounds "9"]
[EventCountry "UAE"]
[SourceTitle "CB21_2025"]
[SourceDate "2025.05.21"]
[SourceVersion "1"]
[SourceVersionDate "2025.05.21"]
[SourceQuality "1"]

1. e4 c5 2. Nf3 d6 3. d4 cxd4 4. Nxd4 Nf6 5. Nc3 a6 6. Bc4 e6 7. 0-0 Be7 8. a4 0-0 9. Be3 Bd7 10. a5 Nc6 11. Nxc6 Bxc6 12. Bb6 Qc8 13. Qe2 Nd7 14. Bd4 Bf6 15. Rfd1 Qc7 16. Qe3 Rac8 17. Be2 Qb8 18. Rd2 Rfd8 19. Na4 Bxd4 20. Qxd4 Bxa4 21. Rxa4 1/2-1/2

[Event "Titled Tuesday intern op 25th Mar Early"]
[Site "Chess.com INT"]
[Date "2025.03.25"]
[Round "7"]
[White "Mahdavi, Reza"]
[Black "Bortnyk, Olexandr"]
[Result "0-1"]
[WhiteElo "2436"]
[BlackElo "2601"]
[PlyCount "94"]
[EventDate "2025.03.25"]
[EventType "swiss (blitz)"]
[EventRounds "11"]
[EventCountry "USA"]
[SourceTitle "CB14_2025"]
[SourceDate "2024.11.01"]
[SourceVersion "1"]
[SourceVersionDate "2024.11.01"]
[SourceQuality "1"]

1. Nf3 Nf6 2. g3 b6 3. Bg2 Bb7 4. 0-0 g6 5. b3 Bg7 6. Bb2 0-0 7. c4 e6 8. d4 d5 9. Nc3 Na6 10. e3 Qe7 11. Qe2 c5 12. cxd5 exd5 13. Rfd1 Rfd8 14. Rac1 Nb4 15. Ne5 Ba6 16. Qd2 Ne4 17. Nxe4 dxe4 18. a3 Bxe5 19. axb4 cxd4 20. exd4 Bb7 21. Qe2 Bg7 22. b5 Rd7 23. Ra1 Bd5 24. Qe3 Qb4 25. Ra6 Qxb5 26. Rda1 f5 27. Bf1 Qxb3 28. Qxb3 Bxb3 29. Rxb6 axb6 30. Rxa8+ Kf7 31. Rb8 Bxd4 32. Bxd4 Rxd4 33. Rxb6 Bd5 34. Be2 Rd2 35. Kf1 Rc2 36. Rb1 Kf6 37. h4 h6 38. Rb6+ Kg7 39. Rd6 Rc1+ 40. Kg2 Bc6 41. h5 e3+ 42. f3 gxh5 43. Re6 Rc2 44. Rxe3 Bb5 45. Kf1 Rxe2 46. Rxe2 h4 47. g4 h3 0-1

[Event "Titled Tuesday intern op 25th Mar Early"]
[Site "Chess.com INT"]
[Date "2025.03.25"]
[Round "4"]
[White "Mahdavi, Reza"]
[Black "Weishaeutel, Moritz"]
[Result "1-0"]
[WhiteElo "2436"]
[BlackElo "2401"]
[PlyCount "91"]
[EventDate "2025.03.25"]
[EventType "swiss (blitz)"]
[EventRounds "11"]
[EventCountry "USA"]
[SourceTitle "CB14_2025"]
[SourceDate "2024.11.01"]
[SourceVersion "1"]
[SourceVersionDate "2024.11.01"]
[SourceQuality "1"]

1. e4 d5 2. exd5 Qxd5 3. Nc3 Qa5 4. d4 Nf6 5. Nf3 Bf5 6. Bc4 e6 7. Bd2 Bb4 8. Qe2 0-0 9. h3 Nc6 10. 0-0 Rad8 11. a3 Bxc3 12. Bxc3 Qb6 13. Rfd1 Ne4 14. Bd3 Nxc3 15. bxc3 Qa5 16. Bxf5 Qxf5 17. Rab1 b6 18. a4 h6 19. Rb5 Qf4 20. Qc4 Ne7 21. Re1 Nd5 22. Ne5 Qd2 23. Nf3 Qxc2 24. Rb3 Nf4 25. Rbb1 Nd5 26. Rbc1 Qg6 27. Ne5 Qg5 28. g3 Rd6 29. h4 Qd8 30. Qa6 Qa8 31. Qd3 Ne7 32. Qc4 Nc6 33. Nd3 Rfd8 34. Nf4 Re8 35. Re3 e5 36. Rce1 e4 37. d5 Ne5 38. Qxe4 Rdd8 39. c4 f5 40. Qb1 c6 41. Rxe5 Rxe5 42. Rxe5 Re8 43. Qxf5 Rxe5 44. Qxe5 Qe8 45. Qxe8+ Kh7 46. Qg6+ 1-0

[Event "Titled Tuesday intern op 18th Mar Late"]
[Site "Chess.com INT"]
[Date "2025.03.18"]
[Round "2"]
[White "Grot, Blazej"]
[Black "Mahdavi, Reza"]
[Result "1-0"]
[WhiteElo "2190"]
[BlackElo "2436"]
[PlyCount "89"]
[EventDate "2025.03.18"]
[EventType "swiss (blitz)"]
[EventRounds "11"]
[EventCountry "USA"]
[SourceTitle "CB13_2025"]
[SourceDate "2025.03.26"]
[SourceVersion "1"]
[SourceVersionDate "2025.03.26"]
[SourceQuality "1"]

1. e4 c6 2. d4 d5 3. Nd2 a6 4. c3 e6 5. Bd3 c5 6. e5 Nc6 7. Ndf3 f6 8. exf6 Nxf6 9. Ne2 Bd6 10. Bf4 0-0 11. 0-0 Bxf4 12. Nxf4 Qd6 13. Ne2 e5 14. dxe5 Nxe5 15. Nxe5 Qxe5 16. Ng3 Bg4 17. Qd2 Rae8 18. Rae1 Qd6 19. Rxe8 Rxe8 20. Re1 Rxe1+ 21. Qxe1 b5 22. Bf5 Bxf5 23. Nxf5 Qd7 24. Qe5 Kf7 25. h3 a5 26. g4 b4 27. g5 Ne8 28. Qf4 Kg8 29. Qe5 Kf8 30. Qf4 Qf7 31. Qe5 Qd7 32. Qf4 Qc7 33. Qf3 Qf7 34. Qg4 g6 35. Nh6 Qe7 36. Qf4+ Kg7 37. Ng4 bxc3 38. bxc3 Qe1+ 39. Kg2 Qxc3 40. Ne5 Nd6 41. Qf6+ Kg8 42. Qxd6 Qd4 43. Qe6+ Kh8 44. Qf6+ Kg8 45. Qf7+ 1-0

[Event "Moscow Aeroflot op-A"]
[Site "Moscow"]
[Date "2025.03.06"]
[Round "9"]
[White "Paravyan, David"]
[Black "Mahdavi, Reza"]
[Result "1/2-1/2"]
[WhiteElo "2619"]
[BlackElo "2436"]
[PlyCount "77"]
[EventDate "2025.03.01"]
[EventType "swiss"]
[EventRounds "9"]
[EventCountry "RUS"]
[SourceTitle "CB11_2025"]
[SourceDate "2025.03.12"]
[SourceVersion "1"]
[SourceVersionDate "2025.03.12"]
[SourceQuality "1"]

1. e4 c5 2. Nf3 d6 3. d4 cxd4 4. Nxd4 Nf6 5. Nc3 a6 6. Nb3 e6 7. a4 Nc6 8. Bd3 Be7 9. 0-0 0-0 10. a5 b6 11. axb6 Qxb6 12. Be3 Qc7 13. Ra4 Bb7 14. Qe2 a5 15. Rfa1 Rfb8 16. h3 h6 17. Qd2 Bf8 18. Kh1 Qd8 19. Bf4 Qb6 20. Qe3 Qd8 21. Bh2 Ba6 22. Bxa6 Rxa6 23. Rd1 Qc7 24. Rc4 Rb4 25. Qe2 Nd7 26. Rxb4 Nxb4 27. Nd4 Qb7 28. Ncb5 Rb6 29. Na3 d5 30. exd5 exd5 31. Nab5 Nc6 32. b3 Nf6 33. Nxc6 Qxc6 34. Nd4 Qd7 35. f3 a4 36. bxa4 Qxa4 37. Be5 Nd7 38. Bc7 Rb4 39. Nb3 1/2-1/2

[Event "Moscow Aeroflot op-A"]
[Site "Moscow"]
[Date "2025.03.02"]
[Round "3"]
[White "Bukreev, Stanislav"]
[Black "Mahdavi, Reza"]
[Result "1/2-1/2"]
[WhiteElo "2321"]
[BlackElo "2436"]
[PlyCount "49"]
[EventDate "2025.03.01"]
[EventType "swiss"]
[EventRounds "9"]
[EventCountry "RUS"]
[SourceTitle "CB11_2025"]
[SourceDate "2025.03.12"]
[SourceVersion "1"]
[SourceVersionDate "2025.03.12"]
[SourceQuality "1"]

1. d4 Nf6 2. c4 e6 3. Nf3 d5 4. Nc3 Nbd7 5. Bf4 dxc4 6. e3 b5 7. Nxb5 Bb4+ 8. Nc3 Nd5 9. a3 Nxc3 10. Qd2 Bxa3 11. Qxc3 Bd6 12. Bxd6 cxd6 13. Bxc4 0-0 14. 0-0 Bb7 15. Be2 a5 16. Rfc1 Qb8 17. Rxa5 Bxf3 18. Bxf3 Rxa5 19. Qxa5 Qxb2 20. Qc3 Qxc3 21. Rxc3 d5 22. h4 Rb8 23. g3 Kf8 24. Rc7 Ke7 25. Kg2 1/2-1/2

[Event "Titled Tuesday intern op 25th Feb Early"]
[Site "Chess.com INT"]
[Date "2025.02.25"]
[Round "1"]
[White "Arun, Kataria"]
[Black "Mahdavi, Reza"]
[Result "0-1"]
[WhiteElo "2353"]
[BlackElo "2436"]
[PlyCount "114"]
[EventDate "2025.02.25"]
[EventType "swiss (blitz)"]
[EventRounds "11"]
[EventCountry "USA"]
[SourceTitle "CB10_2025"]
[SourceDate "2025.03.05"]
[SourceVersion "1"]
[SourceVersionDate "2025.03.05"]
[SourceQuality "1"]

1. e4 c5 2. Nf3 e6 3. d4 cxd4 4. Nxd4 a6 5. c4 Nf6 6. Nc3 Bb4 7. Qd3 0-0 8. Be2 d5 9. exd5 exd5 10. 0-0 Nc6 11. cxd5 Nxd5 12. Nxd5 Qxd5 13. Nxc6 Qxc6 14. Bf3 Qf6 15. Qb3 Bd6 16. Be3 Be5 17. Rab1 Bf5 18. Rbd1 Rab8 19. Rd2 b5 20. Rfd1 h6 21. Bc5 Rfe8 22. h3 Rbc8 23. Bd4 Bxd4 24. Rxd4 Bc2 25. Qa3 Bxd1 26. Rxd1 Red8 27. Re1 Rc2 28. b3 Qb6 29. Be2 Qd4 30. Qe7 Qd6 31. Qe3 Qe6 32. Qxe6 fxe6 33. a4 bxa4 34. bxa4 a5 35. Bb5 Kf7 36. Rf1 Rcd2 37. Kh2 Rd1 38. Rxd1 Rxd1 39. Kg3 Kf6 40. Kf4 Rd4+ 41. Ke3 e5 42. f3 g5 43. g4 Ke7 44. Kf2 Kd6 45. Kg3 Kc5 46. h4 Kb4 47. hxg5 hxg5 48. Kf2 Kc3 49. Ke3 Rb4 50. Be8 Kb3 51. Bd7 Rxa4 52. Bxa4+ Kxa4 53. Ke4 Kb4 54. Kxe5 a4 55. f4 gxf4 56. g5 a3 57. g6 a2 0-1

[Event "Titled Tuesday intern op 25th Feb Early"]
[Site "Chess.com INT"]
[Date "2025.02.25"]
[Round "6"]
[White "Potawad, Anirudhha"]
[Black "Mahdavi, Reza"]
[Result "0-1"]
[WhiteElo "2306"]
[BlackElo "2436"]
[PlyCount "52"]
[EventDate "2025.02.25"]
[EventType "swiss (blitz)"]
[EventRounds "11"]
[EventCountry "USA"]
[SourceTitle "CB10_2025"]
[SourceDate "2025.03.05"]
[SourceVersion "1"]
[SourceVersionDate "2025.03.05"]
[SourceQuality "1"]

1. e4 c5 2. Nf3 a6 3. c3 d5 4. exd5 Qxd5 5. d4 e6 6. Be3 cxd4 7. cxd4 Nf6 8. Nc3 Qd8 9. Bd3 Be7 10. 0-0 0-0 11. Rc1 b5 12. Ne4 Bb7 13. Nc5 Bd5 14. Ne5 Nbd7 15. Ncxd7 Nxd7 16. Nc6 Bxc6 17. Rxc6 Nf6 18. Qf3 Nd5 19. Rfc1 Nb4 20. R6c3 Nxa2 21. Qe4 g6 22. Bh6 Re8 23. Bb1 Nxc3 24. bxc3 Rc8 25. Ba2 Bf6 26. g3 Bg5 0-1

[Event "Titled Tuesday intern op 04th Feb Late"]
[Site "Chess.com INT"]
[Date "2025.02.04"]
[Round "7"]
[White "Mahdavi, Reza"]
[Black "Boci, Mateo"]
[Result "0-1"]
[WhiteElo "2436"]
[BlackElo "2312"]
[PlyCount "82"]
[EventDate "2025.02.04"]
[EventType "swiss (blitz)"]
[EventRounds "11"]
[EventCountry "USA"]
[SourceTitle "CB07_2025"]
[SourceDate "2025.02.12"]
[SourceVersion "1"]
[SourceVersionDate "2025.02.12"]
[SourceQuality "1"]

1. e4 c5 2. Nf3 Nc6 3. d4 cxd4 4. Nxd4 Nf6 5. Nc3 e5 6. Ndb5 d6 7. Nd5 Nxd5 8. exd5 Nb8 9. Qf3 Be7 10. Qc3 Na6 11. Be3 0-0 12. Nxa7 f5 13. f3 e4 14. Bxa6 f4 15. Bd4 Bh4+ 16. g3 fxg3 17. 0-0-0 Rxf3 18. Qc4 bxa6 19. hxg3 Bxg3 20. Nc6 Qg5+ 21. Kb1 Bg4 22. Bc3 Re8 23. Rdg1 e3 24. Nd4 h5 25. Nxf3 Bxf3 26. Rh3 h4 27. Be1 e2 28. Qc3 Bg4 29. Rhh1 Bxe1 30. Qxe1 Qxd5 31. Qxh4 Bh5 32. a4 Re5 33. Qg3 g6 34. Qf2 Qd2 35. Re1 Rc5 36. c3 Bg4 37. Rh4 Qd1+ 38. Ka2 Be6+ 39. c4 Qxa4+ 40. Kb1 Qd1+ 41. Ka2 Ra5# 0-1

[Event "Titled Tuesday intern op 21st Jan Late"]
[Site "Chess.com INT"]
[Date "2025.01.21"]
[Round "4"]
[White "Vaganian, Rafael A"]
[Black "Mahdavi, Reza"]
[Result "0-1"]
[WhiteElo "2449"]
[BlackElo "2436"]
[PlyCount "64"]
[EventDate "2025.01.21"]
[EventType "swiss (blitz)"]
[EventRounds "11"]
[EventCountry "USA"]
[SourceTitle "CB05_2025"]
[SourceDate "2025.01.29"]
[SourceVersion "1"]
[SourceVersionDate "2025.01.29"]
[SourceQuality "1"]

1. d4 Nf6 2. Nf3 d6 3. g3 g6 4. Bg2 Bg7 5. 0-0 Nbd7 6. Nc3 0-0 7. e4 e5 8. h3 c6 9. Be3 h6 10. Qd2 Kh7 11. Rfe1 Qe7 12. Rad1 Re8 13. a4 a5 14. d5 cxd5 15. Nxd5 Nxd5 16. Qxd5 Ra6 17. Bf1 Nf6 18. Qb3 Ra8 19. Bc4 Bxh3 20. Bxf7 Rf8 21. Bc4 Bg4 22. Bc1 Nd7 23. Be2 Qf6 24. Kg2 Rac8 25. c4 Nc5 26. Qe3 Kg8 27. b3 Rf7 28. Nh4 Bxe2 29. Rxe2 Rcf8 30. f3 Qe6 31. Qd2 Nxb3 32. Bb2 Nxd2 0-1

[Event "Titled Tuesday intern op 07th Jan Early"]
[Site "Chess.com INT"]
[Date "2025.01.07"]
[Round "10"]
[White "Mahdavi, Reza"]
[Black "Avila Pavas, Santiago"]
[Result "0-1"]
[WhiteElo "2436"]
[BlackElo "2511"]
[PlyCount "88"]
[EventDate "2025.01.07"]
[EventType "swiss (blitz)"]
[EventRounds "11"]
[EventCountry "USA"]
[SourceTitle "CB03_2025"]
[SourceDate "2025.01.15"]
[SourceVersion "1"]
[SourceVersionDate "2025.01.15"]
[SourceQuality "1"]

1. e4 Nf6 2. Nc3 d5 3. exd5 Nxd5 4. Nf3 c6 5. d4 Bg4 6. Bc4 e6 7. h3 Bh5 8. g4 Bg6 9. Ne5 Nd7 10. Nxd7 Qxd7 11. Ne2 Bd6 12. Bd3 0-0-0 13. Bg5 f6 14. Bh4 Nb4 15. Bxg6 hxg6 16. Bg3 Bxg3 17. fxg3 Qd5 18. Rh2 Qe4 19. Rc1 Nxa2 20. Ra1 Nb4 21. Kd2 a6 22. Kc1 Nd5 23. Ra3 Ne3 24. Qd3 Qxd3 25. Rxd3 Nxg4 26. Rg2 Rxh3 27. Nf4 Rh1+ 28. Kd2 e5 29. Nxg6 e4 30. Rb3 Rxd4+ 31. Kc3 Rhd1 32. Re2 b5 33. Rb4 c5 34. Rxd4 cxd4+ 35. Kb4 e3 36. Nf4 Rd2 37. Re1 Rxc2 38. Rd1 Ne5 39. Kb3 Rc4 40. Nd5 e2 41. Re1 d3 42. Nb6+ Kb7 43. Nxc4 bxc4+ 44. Kc3 Nf3 0-1

[Event "Titled Tuesday intern op 07th Jan Early"]
[Site "Chess.com INT"]
[Date "2025.01.07"]
[Round "3"]
[White "Mahdavi, Reza"]
[Black "Schnaider, Ilan"]
[Result "1-0"]
[WhiteElo "2436"]
[BlackElo "2392"]
[PlyCount "103"]
[EventDate "2025.01.07"]
[EventType "swiss (blitz)"]
[EventRounds "11"]
[EventCountry "USA"]
[SourceTitle "CB03_2025"]
[SourceDate "2025.01.15"]
[SourceVersion "1"]
[SourceVersionDate "2025.01.15"]
[SourceQuality "1"]

1. e4 c5 2. Nf3 e6 3. c3 d5 4. e5 d4 5. d3 Nc6 6. g3 Nge7 7. Bg2 Ng6 8. Qe2 Be7 9. h4 Qc7 10. h5 Ngxe5 11. Nxe5 Nxe5 12. Bf4 Bd6 13. Na3 Bd7 14. cxd4 cxd4 15. 0-0 a6 16. h6 0-0 17. hxg7 Rfc8 18. Rac1 Bc6 19. Bxe5 Bxe5 20. Bxc6 bxc6 21. Rc2 Bxg7 22. Rfc1 Qd7 23. Nc4 Rab8 24. Ne5 Bxe5 25. Qxe5 Qd5 26. Qf4 c5 27. Rxc5 Rxc5 28. Qxb8+ Kg7 29. Re1 e5 30. b4 Rb5 31. Qc7 Rxb4 32. Qe7 Rb5 33. Qg5+ Kf8 34. Qh6+ Ke7 35. Qxh7 Qxa2 36. Qf5 Qe6 37. Qe4 f5 38. Qh4+ Qf6 39. Qh7+ Qf7 40. Qh8 Qf6 41. Qa8 Qd6 42. Qa7+ Kf6 43. Qh7 Qb4 44. Rc1 Rc5 45. Qh6+ Kf7 46. Qh7+ Kf6 47. Ra1 a5 48. Qh8+ Kf7 49. Qh7+ Kf6 50. Kg2 Qb3 51. Qh8+ Ke6 52. Qg8+ 1-0

[Event "Qatar Masters op-A"]
[Site "Doha"]
[Date "2024.12.09"]
[Round "6"]
[White "Mahdavi, Reza"]
[Black "Saydaliev, Saidakbar"]
[Result "1/2-1/2"]
[WhiteElo "2394"]
[BlackElo "2473"]
[PlyCount "60"]
[EventDate "2024.12.03"]
[EventType "swiss"]
[EventRounds "9"]
[EventCountry "QAT"]
[SourceTitle "CB51_2024"]
[SourceDate "2024.12.18"]
[SourceVersion "1"]
[SourceVersionDate "2024.12.18"]
[SourceQuality "1"]

1. e4 e5 2. Nf3 Nc6 3. Nc3 Nf6 4. d4 exd4 5. Nxd4 Bb4 6. Nxc6 bxc6 7. Bd3 0-0 8. 0-0 d5 9. Bd2 Bxc3 10. Bxc3 Nxe4 11. Bxe4 dxe4 12. Re1 Qxd1 13. Raxd1 Bf5 14. Rd4 Rfd8 15. Rc4 Rd6 16. Be5 Rd2 17. h3 e3 18. Rxe3 Rxc2 19. Rxc2 Bxc2 20. Bxc7 Bb1 21. a3 Ba2 22. Re7 f6 23. b4 Bf7 24. Ba5 a6 25. Rc7 Bd5 26. f3 Re8 27. Kf2 h5 28. Bb6 Re6 29. h4 Bc4 30. Be3 Bb5 1/2-1/2

[Event "Qatar Masters op-A"]
[Site "Doha"]
[Date "2024.12.07"]
[Round "5"]
[White "Adhiban, Baskaran"]
[Black "Mahdavi, Reza"]
[Result "1/2-1/2"]
[WhiteElo "2535"]
[BlackElo "2394"]
[PlyCount "119"]
[EventDate "2024.12.03"]
[EventType "swiss"]
[EventRounds "9"]
[EventCountry "QAT"]
[SourceTitle "CB51_2024"]
[SourceDate "2024.12.18"]
[SourceVersion "1"]
[SourceVersionDate "2024.12.18"]
[SourceQuality "1"]

1. e4 c5 2. Nf3 d6 3. d4 cxd4 4. Nxd4 Nf6 5. Nc3 a6 6. Bg5 e6 7. Qf3 Nbd7 8. 0-0-0 Qc7 9. Bxf6 Nxf6 10. g4 h6 11. h4 Nd7 12. g5 hxg5 13. hxg5 Ne5 14. Qg2 Rxh1 15. Qxh1 Ng6 16. Nce2 Qa5 17. f4 Qxa2 18. Nb3 Qa4 19. f5 exf5 20. Nc3 Qc6 21. Nd4 Qc5 22. exf5 Ne5 23. g6 fxg6 24. fxg6 Bg4 25. Qxb7 Qa7 26. Qxa7 Rxa7 27. Re1 Re7 28. Kd2 Nxg6 29. Ra1 Ne5 30. Rxa6 Rb7 31. Ra8+ Kf7 32. Bg2 Rb4 33. Bd5+ Kg6 34. Nc6 Rf4 35. Ke3 Rf1 36. Bg2 Rf7 37. b4 Kh5 38. b5 g6 39. Nxe5 dxe5 40. Ne4 Bh6+ 41. Kd3 Rd7+ 42. Kc3 Rc7+ 43. Kb3 Be6+ 44. Kb2 Be3 45. b6 Re7 46. Rh8+ Kg4 47. Rf8 Rf7 48. Rxf7 Bxf7 49. Nf6+ Kg3 50. Bd5 Bxd5 51. Nxd5 Bc5 52. Kb3 e4 53. b7 Ba7 54. Ne7 Bb8 55. Nc6 Bc7 56. Kc4 e3 57. Kd3 Kf2 58. Nd4 Bb8 59. Ke4 e2 60. Nxe2 1/2-1/2

[Event "Qatar Masters op-A"]
[Site "Doha"]
[Date "2024.12.04"]
[Round "2"]
[White "Mahdavi, Reza"]
[Black "Galaviz Medina, Sion Radamantys"]
[Result "1-0"]
[WhiteElo "2394"]
[BlackElo "2508"]
[PlyCount "77"]
[EventDate "2024.12.03"]
[EventType "swiss"]
[EventRounds "9"]
[EventCountry "QAT"]
[SourceTitle "CB51_2024"]
[SourceDate "2024.12.18"]
[SourceVersion "1"]
[SourceVersionDate "2024.12.18"]
[SourceQuality "1"]

1. e4 c5 2. Nf3 d6 3. d4 cxd4 4. Nxd4 Nf6 5. Nc3 a6 6. Bg5 Nbd7 7. Be3 h5 8. f3 g6 9. Qd2 Bg7 10. Be2 Qc7 11. a4 0-0 12. 0-0 b6 13. Nd5 Nxd5 14. exd5 Nf6 15. c4 Re8 16. Rac1 Bd7 17. b3 Qb7 18. Bf2 Rac8 19. Rcd1 Kh7 20. Rfe1 Bh6 21. Qd3 Bg5 22. Bf1 h4 23. Be3 Bxe3+ 24. Qxe3 Kg7 25. Qf2 b5 26. cxb5 axb5 27. Nxb5 Nxd5 28. Qd4+ Nf6 29. Qxh4 Be6 30. Nd4 Bd5 31. Qg3 Qb6 32. Qf2 Rb8 33. Bb5 e5 34. Bxe8 Nxe8 35. Nf5+ gxf5 36. Qxb6 Rxb6 37. Rxd5 Rxb3 38. Ra1 Kf6 39. Rb5 1-0

[Event "Titled Tuesday intern op 26th Nov Late"]
[Site "Chess.com INT"]
[Date "2024.11.26"]
[Round "11"]
[White "Lin, Bryan Enming"]
[Black "Mahdavi, Reza"]
[Result "1/2-1/2"]
[WhiteElo "2368"]
[BlackElo "2394"]
[PlyCount "126"]
[EventDate "2024.11.26"]
[EventType "swiss (blitz)"]
[EventRounds "11"]
[EventCountry "USA"]
[SourceTitle "CB49_2024"]
[SourceDate "2024.12.04"]
[SourceVersion "1"]
[SourceVersionDate "2024.12.04"]
[SourceQuality "1"]

1. e4 c6 2. Nf3 d5 3. Nc3 dxe4 4. Nxe4 Nf6 5. Qe2 Nxe4 6. Qxe4 Qd5 7. Qf4 Qd6 8. d4 Qxf4 9. Bxf4 Bf5 10. 0-0-0 e6 11. Bd3 Bg4 12. Be2 Nd7 13. h3 Bxf3 14. Bxf3 Nb6 15. Rhe1 0-0-0 16. c3 h5 17. h4 g6 18. g3 Be7 19. Kc2 c5 20. d5 Bd6 21. Bg5 e5 22. Bxd8 Kxd8 23. Be2 Ke7 24. a4 a6 25. a5 Nd7 26. Bc4 f5 27. Re2 Kf6 28. Kb3 Re8 29. f4 Re7 30. Rde1 e4 31. Kc2 Kf7 32. b4 cxb4 33. cxb4 Nf6 34. Kb3 Rc7 35. Rc2 Ke7 36. Ree2 Kd8 37. Rc3 Bf8 38. d6 Bxd6 39. Rd2 Ke7 40. Rc1 Rc6 41. Rcd1 Ng4 42. b5 axb5 43. Bxb5 Rc5 44. Rxd6 Rxb5+ 45. Ka4 Rb2 46. Rd7+ Ke8 47. Rd8+ Ke7 48. R1d7+ Ke6 49. Rd6+ Ke7 50. R6d7+ Ke6 51. Ka3 Rb5 52. Rd6+ Ke7 53. R8d7+ Ke8 54. Ka4 Rb1 55. Rd8+ Ke7 56. R8d7+ Ke8 57. Rd8+ Kf7 58. R6d7+ Ke6 59. Rd6+ Ke7 60. R6d7+ Kf6 61. Rd6+ Kf7 62. R6d7+ Ke6 63. Rd6+ Ke7 1/2-1/2